000 00316nam a22001337a 4500
008 180223b xxu||||| |||| 00| 0 eng d
020 _a000810
041 _aeng
080 _a612.39
100 _a10
101 _aNUT
245 _aFat up slim down walk yourself slim
_cStanten,M
942 _2udc
_cBK
999 _c43282
_d43282